Sociální práce
Uložené v:
| Médium: | Seriál |
|---|---|
| Jazyk: | Czech |
| Vydavateľské údaje: |
Brno
Asociace vzdělavatelů v sociální práci
2010
|
| Predmet: | |
| Tagy: |
Žiadne tagy, Buďte prvý, kto otaguje tento záznam!
|
MARC
| LEADER | 00000nas2a2200000 4500 | ||
|---|---|---|---|
| 001 | 0182098 | ||
| 005 | 20140210141301.1 | ||
| 022 | |a 1213-6204 | ||
| 041 | 0 | |a cze | |
| 044 | |a CZ | ||
| 245 | 1 | 0 | |a Sociální práce |
| 264 | 1 | |a Brno |b Asociace vzdělavatelů v sociální práci |c 2010 | |
| 773 | 0 | |w eu_un_cat*0034221 | |
| 610 | 2 | 0 | |a práca sociálna |
| 610 | 2 | 0 | |a politika sociálna |
| 610 | 2 | 0 | |a vzdelávanie |
| 610 | 2 | 0 | |a starostlivosť o pracovníkov |
| 610 | 2 | 0 | |a starostlivosť o rodinu |
| 610 | 2 | 0 | |a riadenie ľudských zdrojov |